[Event "Campeonato de Aragon por Equipos 2009"]
[Site "Aragon"]
[Date "2009.01.24"]
[Round "1.1"]
[White "Fontana Sotomayour Luis Javier"]
[Black "Cantin Zaborras Valentin"]
[Result "1-0"]
[WhiteElo "2340"]
[BlackElo "2117"]

1.e4 c5 2.Nc3 Nc6 3.g3 g6 4.Bg2 Bg7 5.d3 d6 6.Be3 e5 7.Nh3 Nf6 8.f4 Bg4 9.Qd2
Nd4 10.Ng1 Qd7 11.h3 Be6 12.g4 exf4 13.Bxf4 O-O 14.Nf3 Rac8 15.O-O b5 16.Nxd4
cxd4 17.Ne2 h5 18.Nxd4 hxg4 19.Bh6 gxh3 20.Bf3 Bg4 21.Bxg7 Kxg7 22.Qg5 h2+ 23.
Kh1 Bh3 24.Rf2 Rc5 25.Qxf6+ Kxf6 26.Bg4+ Rf5 27.Bxh3 Qb7 28.Bxf5 gxf5 29.Nxf5
Ke6 30.Rxh2 d5 31.Rh6+ f6 32.Nd4+ Kd6 33.Re1 Ke5 34.Rh5+ Kf4 35.exd5 Kg4 36.
Rh2 Qxd5+ 37.Rg2+ Kh3 38.Re3+ Kh4 39.Re4+ Kh3 40.Nf3 Rh8 41.Ng1# 1-0

[Event "Campeonato de Aragon por Equipos 2009"]
[Site "Aragon"]
[Date "2009.01.24"]
[Round "1.2"]
[White "Trenado Munoz Pedro"]
[Black "Antoli Royo Joaquin Miguel"]
[Result "0-1"]
[WhiteElo "2094"]
[BlackElo "2323"]

1.e4 c5 2.Nf3 Nc6 3.c4 e5 4.Nc3 g6 5.d3 Bg7 6.Be2 d6 7.Bg5 f6 8.Be3 f5 9.g3
Nf6 10.Qd2 a6 11.Bg5 h6 12.Bxf6 Bxf6 13.Nd5 b5 14.Ne3 Be6 15.h4 bxc4 16.exf5
gxf5 17.dxc4 e4 18.Ng1 Rb8 19.Rb1 Be5 20.Bh5+ Kf8 21.Ne2 Qa5 22.b3 Qd8 23.Nd5
Nb4 24.Nef4 Bxd5 25.Nxd5 Nd3+ 26.Kf1 Bd4 27.Nf4 Nxf4 28.Qxf4 Qf6 29.Kg2 Rg8
30.Rhf1 Rb7 31.Kh3 Rbg7 32.Rbd1 e3 33.fxe3 Be5 34.Qxf5 Rxg3+ 35.Kh2 Rg2+ 0-1

[Event "Campeonato de Aragon por Equipos 2009"]
[Site "Aragon"]
[Date "2009.01.24"]
[Round "1.3"]
[White "Cortes Lizano Jesus"]
[Black "Valiente Roy Jose Javier"]
[Result "1-0"]
[WhiteElo "2231"]
[BlackElo "2088"]

1.c4 e6 2.Nf3 d5 3.d4 c5 4.cxd5 exd5 5.Nc3 Nc6 6.g3 Nf6 7.Bg2 Be7 8.O-O O-O 9.
b3 Ne4 10.Bb2 Bf6 11.Na4 b6 12.Rc1 Ba6 13.dxc5 Bxb2 14.Nxb2 bxc5 15.Nd2 Nd4
16.Re1 Nxf2 17.Kxf2 Qf6+ 18.Nf3 Nxf3 19.Bxf3 Qxb2 20.Rc2 Qf6 21.Rxc5 Qb6 22.
Qd4 Rad8 23.Rd1 Bb7 24.Rc2 f5 25.Qxb6 axb6 26.Rc7 Rf7 27.Rdc1 Rfd7 28.a4 Kf8
29.g4 Ke7 30.gxf5 Kf6 31.b4 Kxf5 32.Kg3 Kf6 33.a5 bxa5 34.bxa5 h5 35.Bxh5 d4
36.Bg4 Rxc7 37.Rxc7 Be4 38.Rd7 Rxd7 39.Bxd7 d3 40.e3 d2 41.Ba4 Bc6 42.Bc2 Bb5
43.Kf2 Ke5 44.Bd1 g5 45.Bf3 Ba6 46.Kg3 Bb5 47.Kg4 Kf6 48.Bd1 Bd3 49.Kf3 Ke5
50.e4 Bxe4+ 51.Ke3 Bb7 52.Kxd2 Kd4 53.Be2 Ke4 54.Kc3 Ke3 55.Bg4 Kf2 56.Kd4 Kg2
57.h3 Kg3 58.Kc5 Kf4 59.Kb6 Be4 60.a6 1-0

[Event "Campeonato de Aragon por Equipos 2009"]
[Site "Aragon"]
[Date "2009.01.24"]
[Round "1.4"]
[White "Navarro Castan Jesus"]
[Black "Maza Broto Pablo"]
[Result "1-0"]
[WhiteElo "1862"]
[BlackElo "1980"]

1.e4 e6 2.d4 d5 3.Nc3 Bb4 4.e5 c5 5.a3 Bxc3+ 6.bxc3 Qa5 7.Bd2 Qa4 8.Nf3 Nc6 9.
dxc5 Qe4+ 10.Be2 Nxe5 11.O-O Nf6 12.Re1 Nxf3+ 13.Bxf3 Qc4 14.Be3 O-O 15.Bd4
Ne8 16.Be2 Qa4 17.Bd3 f5 18.Qb1 Nf6 19.Qb4 Qxb4 20.cxb4 Bd7 21.f3 Kf7 22.Rad1
Rfd8 23.b5 Ne8 24.c4 Nc7 25.a4 dxc4 26.Bxc4 Nd5 27.Re5 Nc7 28.Rxf5+ Kg6 29.Rf4
h5 30.Bd3+ 1-0

[Event "Campeonato de Aragon por Equipos 2009"]
[Site "Aragon"]
[Date "2009.01.24"]
[Round "1.6"]
[White "Colas Longares Rafael P"]
[Black "Gimeno Oteo Marco Antonio"]
[Result "1-0"]
[WhiteElo "2330"]
[BlackElo "2161"]

1.e4 e5 2.Nf3 f5 3.Nxe5 Qf6 4.d4 d6 5.Nc4 fxe4 6.Be2 Nc6 7.d5 Ne5 8.Nc3 Nxc4
9.Bxc4 Qg6 10.Bb5+ Kd8 11.Rg1 Nf6 12.Bf4 Be7 13.Qd2 Rf8 14.O-O-O a6 15.Bc4 Bd7
16.Kb1 Qf5 17.h3 Bb5 18.Bb3 h5 19.a4 Bd7 20.Ne2 Nh7 21.g4 hxg4 22.hxg4 Qf7 23.
g5 g6 24.Rg3 Qe8 25.Rh1 Rf7 26.Qb4 Kc8 27.Qxe4 Bf5 28.Qe3 Qd7 29.Nd4 Bd8 30.
Qd2 b6 31.Nc6 Kb7 32.Bc4 Be7 33.a5 b5 34.Rb3 1-0

[Event "Campeonato de Aragon por Equipos 2009"]
[Site "Aragon"]
[Date "2009.01.24"]
[Round "1.7"]
[White "Gutierrez Minguenza Ruben"]
[Black "Garcia Vicente Nieves"]
[Result "1/2-1/2"]
[WhiteElo "2068"]
[BlackElo "2228"]

1.d4 Nf6 2.c4 e6 3.Nf3 d5 4.Nc3 Bb4 5.cxd5 exd5 6.Bg5 h6 7.Bxf6 Qxf6 8.Qa4+
Nc6 9.Ne5 O-O 10.Nxc6 Bxc3+ 11.bxc3 Bd7 12.e3 Rfd8 13.Be2 Bxc6 14.Qc2 Qg5 15.
O-O Rd6 16.Rab1 b6 17.Bf3 Rf6 18.Qe2 Re8 19.Rfc1 a6 20.c4 b5 21.Bxd5 Bxd5 22.
cxd5 Qxd5 23.Qc2 Ree6 24.Qb3 Qf5 25.Rb2 Rc6 26.Qd1 Qd5 27.Rbc2 b4 28.Rxc6 Rxc6
29.Rxc6 Qxc6 30.h3 a5 31.Qg4 g6 32.e4 a4 33.d5 Qc1+ 34.Kh2 b3 35.axb3 axb3 36.
e5 b2 37.e6 b1=Q 38.exf7+ Kxf7 39.Qe6+ Kf8 40.Qf6+ Ke8 41.Qe6+ Kd8 42.Qg8+ Ke7
43.Qe6+ Kf8 44.Qf6+ Kg8 45.Qe6+ {Diagrama ž} 1/2-1/2

[Event "Campeonato de Aragon por Equipos 2009"]
[Site "Aragon"]
[Date "2009.01.24"]
[Round "1.8"]
[White "Cabrera Moreno Daniel"]
[Black "Palomar Ramon Santiago"]
[Result "1/2-1/2"]
[WhiteElo "2207"]
[BlackElo "2022"]

1.d4 Nf6 2.Bg5 Ne4 3.Bf4 d5 4.Nd2 Bf5 5.e3 Nd7 6.f3 Nxd2 7.Qxd2 e6 8.c4 c6 9.
Rc1 a5 10.a3 a4 11.Ne2 Nb6 12.Ng3 dxc4 13.Nxf5 exf5 14.Bxc4 Bd6 15.Bxd6 Qxd6
16.O-O O-O 17.Qd3 Ra5 18.Qc3 Nxc4 19.Qxc4 Rfa8 20.e4 f4 21.Rfd1 g6 22.Rd3 Kg7
23.Qc2 Rb5 24.Qd2 Rd8 25.Rc4 Ra8 26.Qc2 Qe6 27.Rc5 Rxc5 28.Qxc5 Rd8 29.Qb4 Qa2
30.Rd1 Qb3 31.Qd2 g5 32.d5 cxd5 33.exd5 Qe3+ 34.Kf1 Qxd2 35.Rxd2 Kf6 36.Rd4 b5
37.Ke2 Ke5 38.Re4+ Kxd5 39.Kd3 Kc5+ 40.Kc2 f6 41.Re7 h5 42.Re6 Rd6 43.Re8 g4
44.Re4 Rd4 45.Re6 f5 46.Re5+ Rd5 47.Re8 Kd4 48.Kd2 Re5 49.Rh8 gxf3 50.gxf3 Re3
51.Rxh5 Rxf3 52.Rxf5 Ke4 53.Rxb5 Rf2+ 54.Kc3 Rxh2 55.Rb8 Rh5 56.Re8+ Re5 57.
Rf8 Rf5 58.Re8+ Kd5 59.Re2 f3 60.Rf2 Ke4 61.b3 axb3 62.Kxb3 Ke3 63.Rf1 Ke2 64.
Ra1 f2 65.Kb4 Rd5 66.Rh1 f1=Q 67.Rxf1 Kxf1 68.a4 Ke2 69.a5 Kd3 70.a6 Kd4 71.a7
Rd8 72.Kb5 Kd5 73.Kb6 1/2-1/2

[Event "Campeonato de Aragon por Equipos 2009"]
[Site "Aragon"]
[Date "2009.01.24"]
[Round "1.9"]
[White "Adla Diego"]
[Black "Martinez Catalin Francisco Javier"]
[Result "1/2-1/2"]
[WhiteElo "2508"]
[BlackElo "2261"]

1.d4 g6 2.e4 Bg7 3.c4 d6 4.Nc3 e5 5.Nge2 Nc6 6.Be3 Nh6 7.f3 f5 8.d5 Ne7 9.g3
c5 10.Qd2 Nf7 11.Nc1 h5 12.Nd3 h4 13.gxh4 f4 14.Bf2 Bf6 15.b4 b6 16.bxc5 bxc5
17.Rb1 Bxh4 18.Bxh4 Rxh4 19.Qf2 Qa5 20.Qxh4 Qxc3+ 21.Kd1 Bd7 22.Rc1 Ba4+ 23.
Ke2 Bc2 24.Nxf4 exf4 25.Qxf4 Ne5 26.Kf2 Rb8 27.h4 Rb2 28.Kg3 Qd4 29.Rh2 Bd3
30.Rxb2 Qxb2 31.Qh6 Bxf1 32.Qh8+ Kd7 33.Rxf1 Qe2 34.Rf2 Qe1 35.Kg2 Nd3 36.Rb2
Nxb2 37.Qxb2 Qxh4 38.Qb7+ Kd8 39.Qxa7 Qg5+ 40.Kf2 Qd2+ 41.Kg3 Nc8 42.Qa6 g5
43.Kh3 Qf4 44.Qa5+ Ke8 45.Qa4+ Ke7 46.Qb3 Qh4+ 47.Kg2 g4 48.fxg4 Qxg4+ 49.Kf2
Qxe4 50.a4 Qf4+ 51.Ke2 Qh2+ 52.Ke1 Qg1+ 53.Kd2 Qa1 54.Qb5 Qa3 55.a5 Kd8 56.Kc2
Qa2+ 57.Kc3 Qa1+ 58.Kc2 Qa3 59.Kd2 Qa2+ 1/2-1/2

[Event "Campeonato de Aragon por Equipos 2009"]
[Site "Aragon"]
[Date "2009.01.24"]
[Round "1.11"]
[White "Moreno Gracia Daniel"]
[Black "Pellicer Cemeli Jose Luis"]
[Result "1-0"]
[WhiteElo "2212"]
[BlackElo "2047"]

1.c4 c5 2.Nf3 Nf6 3.Nc3 b6 4.g3 Bb7 5.Bg2 e6 6.O-O Be7 7.Re1 d6 8.e4 Nbd7 9.d4
cxd4 10.Nxd4 Qb8 11.f4 O-O 12.e5 dxe5 13.fxe5 Ne8 14.Nc6 Bc5+ 15.Be3 Qc7 16.
Nb5 Qc8 17.Bxc5 Bxc6 18.Bxf8 Bxg2 19.Kxg2 Kxf8 20.Qf3 Qxc4 21.Qxa8 Qxb5 22.
Rad1 Nxe5 23.Rd8 Ng4 24.Qf3 Qg5 25.Qa3+ Qe7 26.Rxe8+ 1-0

[Event "Campeonato de Aragon por Equipos 2009"]
[Site "Aragon"]
[Date "2009.01.24"]
[Round "1.12"]
[White "Felez Casedas Carlos"]
[Black "Quintin Navarro Alberto"]
[Result "1/2-1/2"]
[WhiteElo "1990"]
[BlackElo "2098"]

1.e4 c5 2.Nf3 e6 3.d3 Nc6 4.g3 d5 5.Nbd2 Nf6 6.Bg2 Be7 7.O-O O-O 8.Re1 b6 9.e5
Nd7 10.Nf1 a5 11.h4 Ba6 12.Bf4 b5 13.Ne3 b4 14.Bh3 Rc8 15.c4 bxc3 16.bxc3 Rb8
17.c4 dxc4 18.Nxc4 Bxc4 19.dxc4 Nb6 20.Bf1 Qxd1 21.Rexd1 Rfd8 22.Be3 Nb4 23.
Ne1 Na4 24.Rxd8+ Rxd8 25.a3 Nc6 26.Nd3 Nd4 27.Rb1 Bf8 28.Rb7 Nc2 29.Bc1 Nd4
30.Nb2 Nxb2 31.Bxb2 Nf3+ 32.Kg2 Ne1+ 33.Kg1 Nf3+ 34.Kg2 1/2-1/2

[Event "Campeonato de Aragon por Equipos 2009"]
[Site "Aragon"]
[Date "2009.01.24"]
[Round "1.13"]
[White "Salamero Pelay Fernando"]
[Black "Llorente Zaro Alfonso"]
[Result "0-1"]
[WhiteElo "2167"]
[BlackElo "2403"]

1.e4 b6 2.d4 Bb7 3.Nc3 e6 4.Nf3 d6 5.Bd3 Nd7 6.O-O g6 7.Bg5 Ne7 8.e5 Bg7 9.
exd6 cxd6 10.Ne4 Qc7 11.Qe2 h6 12.Bd2 d5 13.Ng3 O-O 14.h4 Nc6 15.c3 Rae8 16.
Bb5 f5 17.Qd3 e5 18.Bxc6 e4 19.Qc2 Bxc6 20.Nh2 f4 21.Ne2 Bb5 22.Rfe1 e3 23.Bc1
f3 24.Nxf3 Rxf3 25.Bxe3 Rf6 26.Ng3 Rfe6 27.h5 Rxe3 28.Rxe3 Rxe3 0-1

[Event "Campeonato de Aragon por Equipos 2009"]
[Site "Aragon"]
[Date "2009.01.24"]
[Round "1.14"]
[White "Delgado Salcedo Eduardo"]
[Black "Gella Bitrian Diego"]
[Result "1-0"]
[WhiteElo "2222"]
[BlackElo "1864"]

1.Nf3 d5 2.b3 Bf5 3.Bb2 Nf6 4.e3 e6 5.Be2 Bd6 6.O-O O-O 7.Ne5 Nbd7 8.f4 h6 9.
Nxd7 Nxd7 10.d3 c5 11.Nd2 b5 12.Qe1 Be7 13.e4 Bh7 14.Qg3 Bf6 15.e5 Be7 16.Bg4
Bf5 17.Bxf5 exf5 18.Qh3 Rc8 19.Qxf5 c4 20.dxc4 bxc4 21.Bd4 Nb6 22.Kh1 Qc7 23.
h3 g6 24.Qg4 cxb3 25.axb3 Qxc2 26.Rxa7 Bc5 27.Bxc5 Rxc5 28.Nf3 Qxb3 29.e6 Qd3
30.Re1 Qf5 31.Qxf5 gxf5 32.e7 Re8 33.Nd4 Nc8 34.Rd7 Nb6 35.Rd8 Rc8 36.Rd6 Rb8
37.Nxf5 Rb7 38.Rb1 1-0

[Event "Campeonato de Aragon por Equipos 2009"]
[Site "Aragon"]
[Date "2009.01.24"]
[Round "1.15"]
[White "Biarge Carnicer Arturo"]
[Black "Mimbela Lopez Miguel Angel"]
[Result "0-1"]
[WhiteElo "1858"]
[BlackElo "2210"]

1.e4 e5 2.Bc4 Nc6 3.Nc3 Nf6 4.d3 Bc5 5.Nge2 Ng4 6.d4 exd4 7.Na4 Qh4 8.Ng3 Bd6
9.Qf3 Nge5 10.Qe2 Ne7 11.Bd3 Nxd3+ 12.Qxd3 b5 13.Qxb5 Bxg3 14.fxg3 Qxe4+ 15.
Qe2 Qc6 16.b3 Ba6 17.Qf3 Nd5 18.Bd2 O-O 19.O-O-O d3 20.c4 Bxc4 21.Kb2 Rab8 22.
Rc1 Qxa4 0-1

[Event "Campeonato de Aragon por Equipos 2009"]
[Site "Aragon"]
[Date "2009.01.24"]
[Round "1.16"]
[White "Valiente Gimenez Jose Luis"]
[Black "Bellosta Lopez Pablo"]
[Result "1-0"]
[WhiteElo "2117"]
[BlackElo "1835"]

1.d4 d5 2.c4 e6 3.Nc3 c6 4.e4 Bb4 5.e5 dxc4 6.Bxc4 c5 7.Nf3 Nc6 8.a3 Ba5 9.O-O
cxd4 10.Ne4 Bc7 11.Bg5 Nge7 12.Bb5 Qd5 13.Bxe7 Kxe7 14.Bxc6 bxc6 15.Qxd4 Bb6
16.Qa4 Qb5 17.Qc2 Ba6 18.Rfd1 Qc4 19.Qd2 Rhd8 20.Nd6 Qg4 21.Rac1 Rac8 22.h3
Qg6 23.Qb4 Rc7 24.Nc8+ Ke8 25.Qf8+ 1-0

[Event "Campeonato de Aragon por Equipos 2009"]
[Site "Aragon"]
[Date "2009.01.24"]
[Round "1.17"]
[White "Baron Rodriguez Jesus"]
[Black "Guetas Sanchez Hugo"]
[Result "1-0"]
[WhiteElo "2422"]
[BlackElo "2147"]

1.e4 Nf6 2.e5 Nd5 3.d4 d6 4.Nf3 Nc6 5.c4 Nb6 6.e6 fxe6 7.Nc3 g6 8.h4 Bg7 9.h5
e5 10.d5 Nd4 11.hxg6 hxg6 12.Rxh8+ Bxh8 13.Nxd4 exd4 14.Bd3 Qd7 (14...dxc3 15.
Bxg6+ Kf8 16.Qh5 (16.Bh6+ Kg8 17.Qh5) 16...Bg7 17.Bh6 Nd7 18.Bxg7+ Kxg7 19.
Qh7+ Kf6 20.Qf7+ Kg5 21.f4+ Kg4 22.Qf5+ Kg3 23.Qg5+ Kh2 24.Kf2) (14...c6) 15.
Bxg6+ Kd8 16.Qf3 (16.Qh5 Bf6 17.Ne4) 16...c6 (16...Bf6) 17.Qf8+ Kc7 18.c5 $3
dxc3 19.cxb6+ axb6 20.Qxh8 Qg4 21.Qg7 $2 (21.Bd3 Bf5 22.Bxf5 (22.Qxa8 Bxd3))
21...Qxg2 $1 22.Qxe7+ (22.Bf4 $5 Bd7 $1 (22...Qh1+ 23.Ke2 Bg4+ 24.Kd3 Qxd5+
25.Kxc3 Qc5+ 26.Kd3 Qd5+)) 22...Bd7 23.Be4 (23.dxc6 bxc6) (23.Qg5 $4 cxb2) (
23.Qe4 $4 Re8 $1) (23.Bf4 Qxg6) 23...Qg1+ 24.Ke2 Re8 (24...cxd5) 25.Qxd6+ Kd8
(25...Kxd6 26.Bf4+ Kc5 27.Be3+ Kd6 28.Rxg1 Rxe4 29.dxc6 bxc6 30.Rd1+ Kc7 31.
Kd3) 26.Be3 $1 Qg4+ 27.f3 Qg2+ 28.Kd3 Qxb2 29.Qb8+ Ke7 30.Bg5+ Kf7 31.Qf4+ Kg8
32.Bh7+ Kxh7 33.Qf7+ 1-0

[Event "Campeonato de Aragon por Equipos 2009"]
[Site "Aragon"]
[Date "2009.01.24"]
[Round "1.18"]
[White "Sig Vargas Marcos"]
[Black "Baron Rodriguez Jorge"]
[Result "1-0"]
[WhiteElo "2117"]
[BlackElo "2346"]

1.e4 c5 2.Nc3 a6 3.a4 Nc6 4.f4 g6 5.Nf3 Bg7 6.d3 d6 7.h3 Nf6 8.g4 h5 9.g5 Nd7
10.Bg2 Rb8 11.O-O b5 12.Nh4 Nd4 13.f5 Ne5 14.Nd5 e6 15.fxe6 Nxe6 16.Nf6+ Bxf6
17.Rxf6 b4 18.c3 bxc3 19.bxc3 Qa5 20.Bd2 Rb2 21.Nf3 O-O 22.Be1 Nxg5 23.Nxg5
Qd8 24.Nh7 Kxh7 25.Bh4 Qd7 26.Qf1 Bb7 27.Bg5 c4 28.dxc4 Qc6 29.Rd1 Qc5+ 30.Kh1
Kg8 {Tiempo.} 1-0

[Event "Campeonato de Aragon por Equipos 2009"]
[Site "Aragon"]
[Date "2009.01.24"]
[Round "1.19"]
[White "Forcen Esteban Daniel"]
[Black "Escuer Sanchez Nestor"]
[Result "1-0"]
[WhiteElo "2169"]
[BlackElo "2089"]

1.e4 e6 2.d4 d5 3.Nc3 Bb4 4.e5 c5 5.a3 Bxc3+ 6.bxc3 Qa5 7.Bd2 Qa4 8.Qb1 c4 9.
h4 Nc6 10.h5 h6 11.Qd1 Nge7 12.g4 Bd7 13.Nf3 O-O-O 14.g5 Rdf8 15.gxh6 gxh6 16.
Qc1 Rh7 17.Nh4 Ng8 18.Rg1 Nce7 19.Bh3 f6 20.Ng6 Rff7 21.Bf4 Qa5 22.Qe3 f5 23.
Kd2 Qd8 24.Bg3 Qe8 25.Bh4 Nc6 26.Bf1 Nge7 27.Be2 Kb8 28.Qf4 Nc8 29.Bf6 b5 30.
Nh4 a5 31.Rg6 Qf8 32.Nxf5 b4 33.Nxh6 Nb6 34.Rg8 1-0

[Event "Campeonato de Aragon por Equipos 2009"]
[Site "Aragon"]
[Date "2009.01.24"]
[Round "1.20"]
[White "Sig Vargas Pablo"]
[Black "Antolin Concha Diego"]
[Result "0-1"]
[WhiteElo "1877"]
[BlackElo "2122"]

1.e4 c5 2.Nf3 d6 3.Bb5+ Bd7 4.Bxd7+ Qxd7 5.c4 e5 6.Nc3 g6 7.d3 Bg7 8.Rb1 Nc6
9.Bd2 f5 10.Qa4 Nf6 11.a3 O-O 12.h3 fxe4 13.dxe4 h6 14.Be3 Qf7 15.Nd2 Nd4 16.
f3 Nh5 17.Bxd4 exd4 18.Nd5 Nf4 19.g3 Nh5 20.Rg1 Kh7 21.Qb3 Qd7 22.g4 Nf4 23.
Nxf4 Rxf4 24.Ke2 Be5 25.Rbf1 Raf8 26.Kd1 b6 27.Ke2 Qe7 28.Rh1 Qh4 29.Rfg1 R4f7
30.Qd3 Bf4 31.Nf1 Be3 32.Rg3 Rxf3 33.Rhg1 Rxf1 0-1

[Event "Campeonato de Aragon por Equipos 2009"]
[Site "Aragon"]
[Date "2009.01.24"]
[Round "1.21"]
[White "Martinez Asensio Juan M"]
[Black "Ruiz Diez Julio Cesar"]
[Result "0-1"]
[WhiteElo "2180"]
[BlackElo "2299"]

1.d4 Nf6 2.c4 c5 3.d5 b5 4.Nf3 g6 5.cxb5 a6 6.b6 Qxb6 7.Nc3 Bg7 8.e4 d6 9.Nd2
O-O 10.Be2 Bd7 11.a4 a5 12.O-O Na6 13.Nc4 Qc7 14.Bg5 h6 15.Bh4 Rfe8 16.f4 Nh7
17.f5 g5 18.Bg3 Reb8 19.Nb5 Bxb5 20.axb5 Nb4 21.b6 Rxb6 22.Nxb6 Qxb6 23.e5
dxe5 24.Bc4 e4 25.Qb3 Ra7 26.Rfe1 Bd4+ 27.Kh1 Nf6 28.Re2 e3 29.Rxe3 Bxe3 30.
Qxe3 Nc2 31.Qc1 Nxa1 32.Qxa1 Qb4 33.Qc1 Rb7 34.b3 a4 35.Be1 Qb6 36.bxa4 Qb1
37.Qe3 Qd1 38.Bb5 Nxd5 39.Qg3 Nc7 40.h4 Nxb5 41.hxg5 Qh5+ 0-1

[Event "Campeonato de Aragon por Equipos 2009"]
[Site "Aragon"]
[Date "2009.01.24"]
[Round "1.22"]
[White "Glaria Murillo Christian"]
[Black "Dominguez Bujeda Jesus"]
[Result "1-0"]
[WhiteElo "2154"]
[BlackElo "2082"]

1.e4 c5 2.Nc3 Nc6 3.g3 g6 4.Bg2 Bg7 5.d3 d6 6.Nf3 Bg4 7.h3 Bxf3 8.Qxf3 Nf6 9.
O-O O-O 10.Be3 Ne8 11.Qd1 Nc7 12.Qd2 Nd4 13.Nd1 Re8 14.c3 Nc6 15.Bh6 Bh8 16.f4
Rb8 17.f5 Ne5 18.fxg6 hxg6 19.Ne3 Qd7 20.Nd5 e6 21.Nf6+ Bxf6 22.Rxf6 Re7 23.
Bg5 Qb5 24.Rd1 Ne8 25.d4 cxd4 26.cxd4 Nc4 27.Qf4 e5 28.Qh4 exd4 29.Rxg6+ fxg6
30.Bxe7 Ne3 31.Rd2 Rc8 32.Rf2 Ng7 33.Bxd6 g5 34.Qh6 d3 35.a4 Rc1+ 36.Kh2 Qe8
37.Qxg5 d2 38.Rxd2 Nxg2 39.Qd5+ Kh7 40.Kxg2 Qxa4 41.Rf2 Qa1 42.e5 Rh1 43.Qe4+
Kh6 44.Rf6+ 1-0

[Event "Campeonato de Aragon por Equipos 2009"]
[Site "Aragon"]
[Date "2009.01.24"]
[Round "1.23"]
[White "Barcena Laguia Francisco"]
[Black "Garcia Monterde Francisco Jose"]
[Result "0-1"]
[WhiteElo "1963"]
[BlackElo "1929"]

1.d4 g6 2.e4 Bg7 3.c4 c6 4.Nc3 d6 5.h3 Nd7 6.Nf3 a6 7.a4 Qc7 8.Be3 Ngf6 9.Bd3
O-O 10.O-O e5 11.d5 cxd5 12.cxd5 Nc5 13.Rc1 Nxd3 14.Qxd3 Qa5 15.Nd2 Bd7 16.Nc4
Qb4 17.b3 b5 18.Nb6 Rab8 19.Na2 Qa3 20.Rc2 bxa4 21.Qxa6 Qxb3 22.Nxd7 Qxc2 23.
Nxb8 Qxa2 24.Qxd6 Nxe4 25.Qc7 Qxd5 26.Nc6 Qb5 27.Rd1 Bf6 28.Bh6 Bg7 29.Be3 Qe2
30.Ne7+ Kh8 31.Rd8 Qe1+ 32.Kh2 Qb4 33.Nd5 Qa3 34.f3 Nf6 35.Bc5 Nxd5 36.Rxf8+
Bxf8 37.Qxe5+ f6 0-1

[Event "Campeonato de Aragon por Equipos 2009"]
[Site "Aragon"]
[Date "2009.01.24"]
[Round "1.25"]
[White "Chueca Forcen Alberto"]
[Black "Burillo Rodriguez Carlos"]
[Result "1-0"]
[WhiteElo "2278"]
[BlackElo "2125"]

1.d4 Nf6 2.c4 e6 3.Nc3 Bb4 4.f3 O-O 5.e4 d6 6.Bd3 e5 7.d5 Bxc3+ 8.bxc3 Nbd7 9.
Ne2 Nc5 10.Bg5 Nxd3+ 11.Qxd3 b6 12.g4 Ba6 13.Ng3 h6 14.Bxf6 Qxf6 15.h4 Rac8
16.g5 hxg5 17.hxg5 Qxg5 18.Kf2 f5 19.Nxf5 Rxf5 20.exf5 Qf4 21.f6 Qxf6 22.Rh5
1-0

[Event "Campeonato de Aragon por Equipos 2009"]
[Site "Aragon"]
[Date "2009.01.24"]
[Round "1.26"]
[White "Veras Sanz Martin Marino"]
[Black "Melendez Fierro Juan Bautista"]
[Result "1/2-1/2"]
[WhiteElo "2081"]
[BlackElo "2249"]

1.d4 e6 2.c4 f5 3.g3 Nf6 4.Bg2 d5 5.Nh3 c6 6.Qc2 Bd6 7.O-O O-O 8.Bf4 Be7 9.
Bxb8 Rxb8 10.f3 c5 11.dxc5 Bxc5+ 12.Kh1 Qe7 13.Nd2 Bd7 14.e4 dxe4 15.fxe4 Ng4
16.Rfe1 Ne3 17.Rxe3 Bxe3 18.Nf1 Bc5 19.exf5 exf5 20.Nf4 Bc6 21.Nd5 Qe5 22.Rd1
a5 23.Nd2 Rbe8 24.Nb3 Ba4 25.Nf4 Qe1+ 26.Bf1 Qf2 27.Qxf2 Bxf2 28.Bg2 b6 29.
Bd5+ Kh8 30.Kg2 Bxb3 31.axb3 Bc5 32.h4 Re3 33.Rd2 Rxb3 34.Re2 Re3 35.Rxe3 Bxe3
36.Ne6 Rb8 37.Kf3 Bc5 38.b3 Bd6 39.Ng5 Ba3 40.Nf7+ Kg8 41.Ne5+ Kh8 1/2-1/2

[Event "Campeonato de Aragon por Equipos 2009"]
[Site "Aragon"]
[Date "2009.01.24"]
[Round "1.27"]
[White "Hernando Garcia Antonio"]
[Black "Bailo Remacha Santiago"]
[Result "1/2-1/2"]
[WhiteElo "2202"]
[BlackElo "2038"]

1.c4 c5 2.Nf3 b6 3.g3 Bb7 4.Bg2 g6 5.O-O Bg7 6.Nc3 e6 7.d4 cxd4 8.Nxd4 Bxg2 9.
Kxg2 Nc6 10.Nxc6 dxc6 11.Qxd8+ Rxd8 12.Bg5 Nf6 13.Rad1 Ke7 14.Ne4 h6 15.Bxf6+
Bxf6 16.Nxf6 Kxf6 17.Kf3 Ke5 18.Ke3 c5 19.h3 f5 20.Rd3 Rxd3+ 21.exd3 g5 22.f4+
Kf6 23.d4 gxf4+ 24.Rxf4 e5 25.dxe5+ Kxe5 26.Rh4 Rg8 27.Kf3 Rd8 28.Ke3 Rg8 29.
Kf3 Rd8 30.Ke3 Rd1 31.Rxh6 Ra1 32.Kd3 Rxa2 33.Kc3 Ra1 34.Rh8 Ke4 35.h4 Rf1 36.
Re8+ Kf3 37.Rg8 Rg1 38.h5 f4 39.h6 Rh1 40.gxf4 Rxh6 41.Rg7 a5 42.f5 Rh3 43.Rg6
Ke4+ 44.Kc2 Kd4 45.Rxb6 Kxc4 46.f6 Rh2+ 47.Kb1 Rf2 48.Ka2 Rf1 49.Rd6 a4 50.Ra6
Kd5 51.Rxa4 Rxf6 52.Rh4 Rf3 53.b3 Re3 54.Kb2 Re2+ 55.Kc3 Re3+ 56.Kc2 Kc6 57.
Kb2 Kb5 58.Kc2 Rg3 1/2-1/2

[Event "Campeonato de Aragon por Equipos 2009"]
[Site "Aragon"]
[Date "2009.01.24"]
[Round "1.28"]
[White "Galve Guinea Alejandro"]
[Black "Palacios Latasa Elias"]
[Result "1/2-1/2"]
[WhiteElo "1956"]
[BlackElo "2192"]

1.d4 Nf6 2.c4 g6 3.Nc3 d5 4.cxd5 Nxd5 5.e4 Nxc3 6.bxc3 Bg7 7.Bc4 O-O 8.Ne2 Qd7
9.O-O b6 10.Be3 Bb7 11.Qc2 Nc6 12.Rfd1 Na5 13.Bd3 Rac8 14.Rab1 e6 15.h4 f5 16.
d5 fxe4 17.Bxe4 Bxd5 18.Bxd5 exd5 19.c4 c6 20.Qd3 Rfd8 21.h5 Qf7 22.hxg6 Qxg6
23.Qxg6 hxg6 24.cxd5 cxd5 25.Nf4 Rc2 26.Nxd5 Kf7 27.Nb4 Rcc8 28.Bg5 Rxd1+ 29.
Rxd1 1/2-1/2

[Event "Campeonato de Aragon por Equipos 2009"]
[Site "Aragon"]
[Date "2009.01.24"]
[Round "1.29"]
[White "Cid Royo Jonathan"]
[Black "Garza Marco Sergio"]
[Result "0-1"]
[WhiteElo "2269"]
[BlackElo "2386"]

1.e4 g6 2.d4 Bg7 3.f4 d6 4.Nf3 Nf6 5.Bd3 c5 6.dxc5 Qa5+ 7.c3 Qxc5 8.Qe2 O-O 9.
Be3 Qc7 10.O-O Nbd7 11.Kh1 Nc5 12.Nbd2 b6 13.Rac1 Bb7 14.Bg1 Nh5 15.Ng5 e5 16.
Nh3 exf4 17.Nxf4 Nxf4 18.Rxf4 d5 19.Bxc5 bxc5 20.Rf2 Rae8 21.Qf3 Bh6 22.Qh3
Bxd2 23.Rxd2 dxe4 24.Bb5 Qf4 25.Rcd1 e3 26.Re2 Rd8 27.Rde1 Rd2 28.Qxe3 Qxe3
29.Rxe3 Rxb2 30.Bf1 Rxa2 31.Re7 Bd5 32.Rc7 Ra5 33.Kg1 Be6 34.Re5 Ra8 35.Kf2
Ra2+ 36.Ke3 c4 37.g3 0-1

[Event "Campeonato de Aragon por Equipos 2009"]
[Site "Aragon"]
[Date "2009.01.24"]
[Round "1.30"]
[White "Lamas Mercadal Manuel"]
[Black "Accattato Martin Mario"]
[Result "0-1"]
[WhiteElo "2225"]
[BlackElo "2086"]

1.e4 d6 2.d4 Nf6 3.Nc3 e5 4.Nf3 Nbd7 5.Bc4 Be7 6.O-O O-O 7.Re1 c6 8.a4 a5 9.b3
exd4 10.Qxd4 Ne5 11.Nxe5 dxe5 12.Qxd8 Rxd8 13.Bb2 Bc5 14.h3 Bd4 15.Nd1 Ne8 16.
Bxd4 exd4 17.Nb2 Nc7 18.Rad1 b5 19.axb5 cxb5 20.Bd5 Nxd5 21.Rxd4 Bxh3 22.Rxd5
Rxd5 23.exd5 Bf5 24.c4 Bc2 25.d6 Bxb3 26.d7 Kf8 27.c5 Be6 28.c6 Ke7 29.Nd3 Kd6
30.Ne5 Kc7 31.f4 g6 32.g4 b4 33.f5 gxf5 34.gxf5 Bxf5 35.Nxf7 b3 36.d8=Q+ Rxd8
37.Nxd8 Kxd8 38.Re5 b2 0-1

[Event "Campeonato de Aragon por Equipos 2009"]
[Site "Aragon"]
[Date "2009.01.24"]
[Round "1.31"]
[White "Cid Royo Oscar"]
[Black "Neila Castillo Miguel Angel"]
[Result "1-0"]
[WhiteElo "2080"]
[BlackElo "2092"]

1.d4 Nf6 2.Nf3 e6 3.c3 c5 4.Bf4 Nc6 5.e3 Be7 6.Bd3 d5 7.Nbd2 Nh5 8.Bg3 Nxg3 9.
hxg3 f5 10.Nh4 Bxh4 11.Rxh4 cxd4 12.exd4 Qf6 13.Nf3 g5 14.Rh2 g4 15.Nd2 Bd7
16.Bb5 Ne7 17.Bxd7+ Kxd7 18.Qa4+ Nc6 19.O-O-O Kc7 20.Rdh1 h6 21.Qd1 Rae8 22.
Qc2 e5 23.dxe5 Nxe5 24.Nb3 Nf7 25.Nd4 Rhf8 26.Qd2 Qe5 27.Rh5 Nd6 28.Rxh6 Kb8
29.Qf4 Ne4 30.Rf1 Re7 31.Rh4 Nd6 32.f3 Rff7 33.b3 Re8 34.Rd1 Rc8 35.Kb2 Rg8
36.fxg4 Rxg4 1-0

[Event "Campeonato de Aragon por Equipos 2009"]
[Site "Aragon"]
[Date "2009.01.24"]
[Round "1.34"]
[White "Antonano Fernandez Avelino"]
[Black "Valles Mata David"]
[Result "0-1"]
[WhiteElo "2102"]
[BlackElo "2147"]

1.e4 c5 2.Nf3 Nc6 3.d4 cxd4 4.Nxd4 Nf6 5.Nc3 e5 6.Ndb5 d6 7.a4 a6 8.Na3 Bg4 9.
f3 Be6 10.Bc4 Rc8 11.O-O Nb4 12.Bd5 Nbxd5 13.Nxd5 Nxd5 14.exd5 Bd7 15.c4 Be7
16.Kh1 O-O 17.b4 f5 18.Be3 f4 19.Bf2 Rf6 20.a5 Rh6 21.g4 fxg3 22.Bxg3 Bh4 23.
Qe1 Bxg3 24.Qxg3 Rh3 25.Qg2 Qf6 26.Rac1 Rf8 27.c5 Rh6 28.Qe2 Bh3 29.Rf2 Qf5
30.Nc4 Qf4 31.Rc2 Rhf6 32.cxd6 e4 33.Qe3 Qxe3 34.Nxe3 exf3 35.Rc7 Rxd6 36.Rxb7
g5 37.Rb6 Rdd8 38.Rxa6 Rde8 39.Nf1 Re1 40.Kg1 Rf4 41.Rh6 Rg4+ 0-1